000 00523nam a2200181Ia 4500
001 16356
005 20260306170303.0
008 260306t2020||||xx |||||||||||||| ||und||
041 _aESP
082 _a348.54
_bC28
100 _aCarhuatocto Sandoval, Henry
_eAUT
245 0 _aLa responsabilidad civil ambiental en los proyectos extractivos:
_bdel estado, los consecionarios y la sociedad matriz
260 _c2020
300 _a843 páginas :
_c24 cm.
650 _aGEN
654 _aCDE
942 _cLIB
_dJUS
_fJUS
_2ddc
_n
999 _c16356
_d16356